[Event "SVK-chT2C 2324"]
[Site "Slovakia"]
[Date "2023.11.12"]
[Round "4.6"]
[White "Gazo, Daniel"]
[Black "Volna, Lukas"]
[Result "1/2-1/2"]
[WhiteElo "1764"]
[BlackElo "1908"]
[PlyCount "73"]
[EventDate "2023.10.07"]
[EventType "team-tourn"]
[EventRounds "11"]
[EventCountry "SVK"]
[SourceTitle "EXT 2025"]
[Source "ChessBase"]
[SourceDate "2024.10.14"]
[SourceVersion "1"]
[SourceVersionDate "2024.10.14"]
[SourceQuality "1"]
[WhiteTeam "Zilina DMS"]
[BlackTeam "Dunajov Martin III"]
[WhiteTeamCountry "SVK"]
[BlackTeamCountry "SVK"]

1. d4 b6 2. Nf3 Bb7 3. Bf4 Nf6 4. e3 e6 5. h3 c5 6. Nc3 a6 7. Bd3 Be7 8. 0-0 0-0 9. Qe2 d5 10. dxc5 bxc5 11. b3 Nc6 12. a3 Nh5 13. Bh2 g6 14. Na4 Qa5 15. Qe1 Rac8 16. Ne5 Qxe1 17. Rfxe1 Nxe5 18. Bxe5 Rfd8 19. c4 Bf6 20. Bxf6 Nxf6 21. Rac1 d4 22. exd4 Rxd4 23. Rcd1 Nd7 24. Be2 Bc6 25. Nc3 Rb8 26. Rb1 Nb6 27. Red1 Rbd8 28. b4 Rxd1+ 29. Rxd1 Rxd1+ 30. Nxd1 cxb4 31. axb4 Kf8 32. Nc3 Bb7 33. c5 Nd7 34. f3 Ke7 35. Ne4 Bxe4 36. fxe4 Nb8 37. Kf2 1/2-1/2

[Event "Zilina-ch"]
[Site "Zilina"]
[Date "2014.05.11"]
[Round "6"]
[White "Galvanek, Ladislav"]
[Black "Gazo, Daniel"]
[Result "1-0"]
[WhiteElo "2064"]
[BlackElo "1810"]
[PlyCount "73"]
[EventDate "2014.05.09"]
[EventType "swiss"]
[EventRounds "6"]
[EventCountry "SVK"]
[SourceTitle "CBM 160 Extra"]
[Source "ChessBase"]
[SourceDate "2014.07.01"]
[SourceVersion "1"]
[SourceVersionDate "2014.07.01"]
[SourceQuality "1"]

1. d4 Nf6 2. c4 d6 3. Nc3 g6 4. e4 Bg7 5. f4 0-0 6. Be2 Nbd7 7. Nf3 e5 8. fxe5 dxe5 9. d5 Nc5 10. Nd2 Ncxe4 11. Ndxe4 Nxe4 12. Nxe4 Qh4+ 13. Nf2 e4 14. g3 Qe7 15. 0-0 e3 16. Nd3 Bh3 17. Re1 Rae8 18. Nf4 Bf5 19. a4 g5 20. Ng2 Bh3 21. Qd3 f5 22. Bh5 Bxg2 23. Kxg2 Qe4+ 24. Qxe4 Rxe4 25. Rxe3 Rxc4 26. Bd1 Rd8 27. Bb3 Rd4 28. d6+ Kf8 29. dxc7 Rc8 30. Re2 f4 31. gxf4 gxf4 32. Rd2 Rxc7 33. Rxd4 Bxd4 34. Bxf4 Rg7+ 35. Kf3 Bxb2 36. Rb1 Ba3 37. Bh6 1-0

[Event "SVK-chT2C 1314"]
[Site "Slovakia"]
[Date "2014.02.23"]
[Round "9.8"]
[White "Gazo, Daniel"]
[Black "Tatarka, Juraj"]
[Result "1-0"]
[WhiteElo "1801"]
[BlackElo "1866"]
[PlyCount "77"]
[EventDate "2013.10.19"]
[EventType "team-tourn"]
[EventRounds "11"]
[EventCountry "SVK"]
[SourceTitle "EXT 2015"]
[Source "ChessBase"]
[SourceDate "2014.11.20"]
[SourceVersion "1"]
[SourceVersionDate "2014.11.20"]
[SourceQuality "1"]
[WhiteTeam "Zilina DMS"]
[BlackTeam "Cadca II"]
[WhiteTeamCountry "SVK"]
[BlackTeamCountry "SVK"]

1. e4 e5 2. Nf3 d6 3. d4 exd4 4. Nxd4 Be7 5. Nc3 Nf6 6. Bc4 0-0 7. 0-0 Nbd7 8. Be3 Nc5 9. f3 Ne6 10. Qe2 Nxd4 11. Bxd4 Nd7 12. Rad1 Bf6 13. Be3 Ne5 14. Nd5 Nxc4 15. Qxc4 c6 16. Nxf6+ Qxf6 17. Qb4 c5 18. Qa3 b6 19. Rd2 Bb7 20. c4 Rfd8 21. Rfd1 Bc6 22. Bf2 Rd7 23. Bg3 Rad8 24. Qe3 Qe6 25. Bh4 f6 26. b3 g5 27. Bg3 h6 28. Kf2 h5 29. h4 g4 30. Qf4 gxf3 31. gxf3 Qe5 32. Qh6 Qc3 33. Qg6+ Rg7 34. Qf5 Re8 35. Rd3 Bxe4 36. fxe4 Qc2+ 37. R1d2 Qc1 38. Qd5+ Kh8 39. Qxh5+ 1-0

[Event "SVK-chT2C 1314"]
[Site "Slovakia"]
[Date "2013.10.20"]
[Round "2.8"]
[White "Volna, Lukas"]
[Black "Gazo, Daniel"]
[Result "1-0"]
[WhiteElo "1815"]
[BlackElo "1801"]
[PlyCount "83"]
[EventDate "2013.10.19"]
[EventType "team-tourn"]
[EventRounds "11"]
[EventCountry "SVK"]
[SourceTitle "EXT 2015"]
[Source "ChessBase"]
[SourceDate "2014.11.20"]
[SourceVersion "1"]
[SourceVersionDate "2014.11.20"]
[SourceQuality "1"]
[WhiteTeam "Rajecke Teplice"]
[BlackTeam "Zilina DMS"]
[WhiteTeamCountry "SVK"]
[BlackTeamCountry "SVK"]

1. e4 c5 2. b3 d6 3. Bb2 Nf6 4. f3 Nc6 5. Bc4 e6 6. Ne2 a6 7. d4 cxd4 8. Nxd4 Be7 9. 0-0 0-0 10. Kh1 Ne5 11. Be2 b5 12. Nd2 Bb7 13. Rc1 Nc6 14. Nxc6 Bxc6 15. c4 Qb6 16. Bd3 Qe3 17. Qe2 Qg5 18. Rfd1 Nh5 19. g3 e5 20. cxb5 Bxb5 21. Nc4 Rac8 22. a4 Bd7 23. Nb6 Qh6 24. Kg1 Rcd8 25. Rc7 Qe6 26. Nxd7 Rxd7 27. Rxd7 Qxd7 28. Bxa6 f5 29. Bxe5 fxe4 30. Bc4+ Kh8 31. Qxe4 Qh3 32. Bxg7+ Nxg7 33. Qxe7 Re8 34. Qxd6 Qh5 35. Qf6 Qc5+ 36. Kg2 Rf8 37. Qd4 Qf5 38. Qe4 Qf6 39. Bd3 Qb2+ 40. Kh1 Nf5 41. g4 Qxb3 42. Bc2 1-0

[Event "Zilina op"]
[Site "Zilina"]
[Date "2013.08.29"]
[Round "2"]
[White "Adamko, Peter"]
[Black "Gazo, Daniel"]
[Result "1-0"]
[WhiteElo "2119"]
[BlackElo "1792"]
[PlyCount "27"]
[EventDate "2013.08.29"]
[EventType "swiss"]
[EventRounds "7"]
[EventCountry "SVK"]
[SourceTitle "CBM 156 Extra"]
[Source "ChessBase"]
[SourceDate "2013.10.22"]
[SourceVersion "1"]
[SourceVersionDate "2013.10.22"]
[SourceQuality "1"]

1. e4 d5 2. exd5 Nf6 3. Nc3 Nxd5 4. Bc4 Nb6 5. Bb3 c5 6. d3 Bf5 7. Qf3 Qd7 8. g4 Be6 9. Be3 Nc6 10. Bxe6 Qxe6 11. Nge2 Nd4 12. Bxd4 cxd4 13. Nb5 Nd5 14. Qxd5 1-0

[Event "Zilina Region-ch"]
[Site "Zilina"]
[Date "2013.05.19"]
[Round "5"]
[White "Piroha, Miroslav"]
[Black "Gazo, Daniel"]
[Result "0-1"]
[WhiteElo "1946"]
[BlackElo "1774"]
[PlyCount "90"]
[EventDate "2013.05.17"]
[EventType "swiss"]
[EventRounds "6"]
[EventCountry "SVK"]
[SourceTitle "CBM 154 Extra"]
[Source "ChessBase"]
[SourceDate "2013.06.25"]
[SourceVersion "2"]
[SourceVersionDate "2013.06.25"]
[SourceQuality "1"]

1. Nf3 d5 2. d4 Nf6 3. Bg5 Ne4 4. Bf4 Bf5 5. Nbd2 e6 6. Nxe4 Bxe4 7. e3 h6 8. Ne5 Nd7 9. f3 Bh7 10. Bd3 Bxd3 11. Qxd3 Bd6 12. 0-0 Nxe5 13. dxe5 Be7 14. Rfd1 0-0 15. e4 c6 16. c4 Qb6+ 17. Kf1 dxc4 18. Qxc4 Rfd8 19. b3 Rxd1+ 20. Rxd1 Rd8 21. Rxd8+ Qxd8 22. Ke2 Qa5 23. a4 Qc5 24. Qxc5 Bxc5 25. Kd3 Kf8 26. Kc4 Bg1 27. h4 Ke8 28. g4 Bf2 29. h5 Kd7 30. g5 hxg5 31. Bxg5 Bg3 32. Bf6 gxf6 33. h6 f5 34. Kd4 c5+ 35. Kxc5 Bxe5 36. exf5 exf5 37. Kd5 Bf6 38. b4 Ke7 39. a5 Bg5 40. h7 Bf6 41. b5 Kd7 42. Kc5 Bg7 43. b6 a6 44. Kd5 Bf6 45. f4 Bg7 0-1

[Event "Zilina Region-ch"]
[Site "Zilina"]
[Date "2013.05.17"]
[Round "1"]
[White "Carnecky, Andrej"]
[Black "Gazo, Daniel"]
[Result "1-0"]
[WhiteElo "1536"]
[BlackElo "1774"]
[PlyCount "121"]
[EventDate "2013.05.17"]
[EventType "swiss"]
[EventRounds "6"]
[EventCountry "SVK"]
[SourceTitle "CBM 154 Extra"]
[Source "ChessBase"]
[SourceDate "2013.06.25"]
[SourceVersion "2"]
[SourceVersionDate "2013.06.25"]
[SourceQuality "1"]

1. e4 c5 2. Nf3 e6 3. d4 cxd4 4. Nxd4 a6 5. Bc4 Nf6 6. Nc3 Qc7 7. Bd3 Nc6 8. Nf3 b5 9. a3 Be7 10. 0-0 Bb7 11. Ne2 d6 12. Bd2 0-0 13. c4 bxc4 14. Bxc4 Nxe4 15. Be3 d5 16. Bd3 Rfd8 17. Rc1 Qb8 18. Ned4 Ne5 19. Bf4 Nxf3+ 20. Qxf3 e5 21. Nf5 Bf6 22. Be3 d4 23. Bxe4 Bxe4 24. Qxe4 dxe3 25. fxe3 Qxb2 26. Rc7 Rac8 27. Rxc8 Rxc8 28. Nh6+ gxh6 29. Qg4+ Bg5 30. Qxc8+ Kg7 31. Qg4 Kf8 32. Qf3 Qb3 33. e4 Qe3+ 34. Qxe3 Bxe3+ 35. Kh1 a5 36. a4 Kg7 37. g3 Kg6 38. Kg2 h5 39. h4 f6 40. Kf3 Bd2 41. Rd1 Bb4 42. g4 hxg4+ 43. Kxg4 h5+ 44. Kf3 Bc3 45. Rg1+ Kf7 46. Ke2 Bb4 47. Kd3 Ba3 48. Kc4 Bb4 49. Kd5 Bd2 50. Rb1 Bb4 51. Rc1 Kg6 52. Ke6 Bd2 53. Rg1+ Bg5 54. hxg5 fxg5 55. Kxe5 h4 56. Kd6 h3 57. e5 Kh5 58. e6 g4 59. e7 Kh4 60. e8Q h2 61. Qh8+ 1-0